[Event "Chioggia op-B 06th"]
[Site "Chioggia"]
[Date "2011.10.09"]
[Round "4"]
[White "Arbore, Federica"]
[Black "Zaghi, Giacomo"]
[Result "1-0"]
[WhiteElo "1605"]
[BlackElo "1470"]
[PlyCount "43"]
[EventDate "2011.10.07"]
[EventType "swiss"]
[EventRounds "5"]
[EventCountry "ITA"]
[SourceTitle "EXT 2022"]
[Source "ChessBase"]
[SourceDate "2021.10.06"]
[SourceVersion "1"]
[SourceVersionDate "2021.10.06"]
[SourceQuality "1"]

1. e4 e5 2. Bc4 Nf6 3. d4 Nxe4 4. dxe5 d6 5. Qd5 Qe7 6. Qxe4 Qd7 7. exd6+ Kd8 8. dxc7+ Qxc7 9. Qd4+ Bd7 10. Bf4 Qa5+ 11. Nc3 Bc5 12. Qxg7 Rf8 13. 0-0-0 Qb4 14. Qf6+ Be7 15. Qd4 Bc5 16. Qd3 Ke7 17. Bxb8 Bf5 18. Re1+ Kf6 19. Be5+ Kg6 20. Qg3+ Kh6 21. Bg7+ Kh5 22. Re5 1-0